01188naa a22003017a 4500001001000000003000900010005001700019007000300036008003400039040005400073041000900127072002000136090001800156100001800174111007700192245006400269260004100333500011000374650002000484650002800504650001500532650001400547773010700561909003600668942001400704999001900718952014900737BR8903230BR-BrBNA20240918180455.0ta230509b bl.||||| |||| 00| 0 por d aBR-BrBNAbporcBiblioteca Nacional de Agricultura a(Pt) aF30b0170bG514 aF30 BR89032301 aMartins, R.M.1 a16. Reuniao Tecnica Anual do SorgocPelotas, RS (Brazil)d11-14 Aug 19871 aEnsaio nacional de sorgo granifero, Cruz Alta, RS - 1986/873 aCapao do Leao, RS (Brasil): c1987.  aAnais da 16. Reuniao Tecnica Anual do Sorgo Capao do Leao, RS (Brasil): 1987. p. 76-79 (BR8903230-AM)F30  aSORGO GRANIFERO aCOMPETICAO DE VARIEDADE aRENDIMENTO aCRUZ ALTA0 tAnais da 16. Reuniao Tecnica Anual do SorgowF30 BR8903230gCapao do Leao, RS (Brasil), 1987. p. 76-79 a202404bLuciac55dLucia Elande cAM2AGRIS c320561d320561 002AGRIS40708Acervo Gerala41918b41918cAgrobasel0o0170 BR8903216r2024-05-20t01yAM10d2024-04-11ePortaria Interministerial nÂș 164/94